LEADER 02708nam 2200601 a 450 001 9910781979103321 005 20161219111553.0 010 $a1-4462-4494-6 010 $a1-4462-5179-9 010 $a1-283-28938-5 010 $a9786613289384 010 $a1-4462-1099-5 035 $a(CKB)2550000000057199 035 $a(EBL)743506 035 $a(OCoLC)764572610 035 $a(SSID)ssj0000644350 035 $a(PQKBManifestationID)12255848 035 $a(PQKBTitleCode)TC0000644350 035 $a(PQKBWorkID)10675866 035 $a(PQKB)10944735 035 $a(MiAaPQ)EBC743506 035 $a(OCoLC)757390378 035 $a(StDuBDS)EDZ0000082898 035 $a(Au-PeEL)EBL743506 035 $a(CaPaEBR)ebr10504478 035 $a(CaONFJC)MIL328938 035 $a(FINmELB)ELB133939 035 $a(EXLCZ)992550000000057199 100 $a20120427d2010 fy| 0 101 0 $aeng 135 $aur||||||||||| 181 $ctxt 182 $cc 183 $acr 200 00$aSecondary science 11 to 16$b[electronic resource] $ea practical guide /$fGren Ireson ... [et al.] 210 $aLos Angeles, [Calif.] ;$aLondon $cSAGE$dc2010 215 $a1 online resource (vi, 176 p.) $cill 300 $aDescription based upon print version of record. 311 $a1-84920-126-9 311 $a1-84920-125-0 320 $aIncludes bibliographical references and index. 327 $aCover; Contents; About the authors; Acknowledgements; Introduction; Section 1: Beginnings and development of living things; 1 - Looking at life; 2 - Human reproduction and genetics; Section 2: Chemical and material properties; 3 - Separating materials; 4 - Exothermic and endothermic reactions; 5 - The reactivity series; 6 - Acids and bases; Section 3: Light and motion; 7 - Looking at light; 8 - Electric motors; 9 - Rockets; Section 4: The Earth and its place in the universe; 10 - The Earth, earthquakes and volcanoes; 11 - Heavens above: stars and planets; 12 - Global warming?; Index 330 8 $aAre you looking for teaching ideas to make your science lessons come alive? Full of suggestions for exciting practical work to engage children, this book addresses and explains the science behind the experiments, and emphasises the need to engage the learner through minds-on activities. 606 $aScience$xStudy and teaching (Secondary)$xActivity programs$zGreat Britain 615 0$aScience$xStudy and teaching (Secondary)$xActivity programs 676 $a507.1241 701 $aIreson$b Gren$0869799 801 0$bStDuBDS 801 1$bStDuBDS 906 $aBOOK 912 $a9910781979103321 996 $aSecondary science 11 to 16$93811588 997 $aUNINA